000 00432nam a2200193Ia 4500
005 20240823033223.0
008 240823s9999||||xx |||||||||||||| ||und||
020 _a978-81-8368-617-3
041 _aTAMIL
082 _A158 P7
100 _aMoorthy S L V
245 0 _aNammai Naame Ariyalama?
250 _a1st
260 _c2007
_bPr
500 _aDISPLAY
650 _aTamil Books
_bGeneral
942 _cBK
999 _c195301
_d195301